000 00888nas a2200289 4500
001 BR0403414
003 BR-BrBNA
005 20231205104650.0
007 ta
008 230509b bl.|||p| |||| 00| 00por d
040 _aBR-BrBNA
_bpor
_cBiblioteca Nacional de Agricultura
041 _a(Pt)
072 _aE70
100 1 _aVieira, E.M.M.
100 1 _aSilva, N.M. da
100 1 _aDuarte, M. de F.M.B.
100 1 _aMendonça, H.C.B.
245 1 _aDiagnóstico da situação do consumidor do Núcleo Habitacional do Curado I, Jaboatão, Pernambuco
650 _aCONSUMIDOR
650 _aCONSUMO
650 _aFAMÍLIA
650 _aRENDA FAMILIAR
650 _aPERNAMBUCO
773 0 _tOIKOS - Revista Brasileira de Economia Doméstica (Brazil)
_xISSN 0101-5273
_g(1982), v. 2(1) p. 88-96
_wBR0403414
909 _a202311
_bLúcia
_c55
_dLúcia Elande
942 _2AGRIS
_n0
_cANA
999 _c179187
_d179187